[Event "Karl Mala Memorial op 13th"]
[Site "Frankfurt"]
[Date "2010.07.10"]
[Round "4"]
[White "Traut, Stefan"]
[Black "Bokemaer, Artur"]
[Result "1/2-1/2"]
[WhiteElo "1825"]
[BlackElo "1609"]
[PlyCount "50"]
[EventDate "2010.07.08"]
[EventType "swiss"]
[EventRounds "7"]
[EventCountry "GER"]
[SourceTitle "EXT 2012"]
[Source "ChessBase"]
[SourceDate "2011.11.24"]
[SourceVersion "1"]
[SourceVersionDate "2011.11.24"]
[SourceQuality "1"]

1. d4 d5 2. Nf3 Nf6 3. c4 e6 4. g3 c6 5. Qc2 Nbd7 6. Bg2 Qc7 7. 0-0 h6 8. Nbd2 g5 9. h3 g4 10. hxg4 Nxg4 11. e4 Ndf6 12. e5 Ng8 13. cxd5 exd5 14. Nb3 Be6 15. Bf4 Ne7 16. Rac1 Bf5 17. Qd1 Ng6 18. Bd2 h5 19. Bg5 Be7 20. Qd2 0-0-0 21. Bxe7 Qxe7 22. Qg5 Qxg5 23. Nxg5 Rhf8 24. Rfe1 h4 25. e6 hxg3 1/2-1/2

[Event "Karl Mala Memorial op 13th"]
[Site "Frankfurt"]
[Date "2010.07.09"]
[Round "2"]
[White "Bokemaer, Artur"]
[Black "Lanz, Udo"]
[Result "0-1"]
[WhiteElo "1609"]
[BlackElo "1896"]
[PlyCount "100"]
[EventDate "2010.07.08"]
[EventType "swiss"]
[EventRounds "7"]
[EventCountry "GER"]
[SourceTitle "EXT 2012"]
[Source "ChessBase"]
[SourceDate "2011.11.24"]
[SourceVersion "1"]
[SourceVersionDate "2011.11.24"]
[SourceQuality "1"]

1. d4 f5 2. h3 Nf6 3. g4 fxg4 4. hxg4 d5 5. g5 Ne4 6. Bg2 Bf5 7. Bf4 e6 8. Nf3 Nc6 9. e3 Bd6 10. Nh4 g6 11. Nxf5 exf5 12. Bxd6 Qxd6 13. Bxe4 fxe4 14. Qg4 Nd8 15. Nc3 c6 16. Rh4 Ne6 17. 0-0-0 0-0-0 18. Rdh1 Rd7 19. Rh6 Rg7 20. Na4 b6 21. Qe2 Kb7 22. Qg4 Qe7 23. Rg1 Rf8 24. Rh2 Rgf7 25. Rgg2 Rf5 26. Qh4 R8f7 27. Nc3 Rxg5 28. Rxg5 Qxg5 29. Qxg5 Nxg5 30. Ne2 Nf3 31. Rg2 Kc7 32. Nf4 Kd6 33. Kd1 Ke7 34. Ke2 Nxd4+ 35. exd4 Rxf4 36. Ke3 Rf3+ 37. Ke2 Kf6 38. Rh2 h5 39. c3 Kg5 40. Rg2+ Kh6 41. Rh2 g5 42. a3 h4 43. Rg2 Kh5 44. a4 g4 45. Rg1 h3 46. a5 b5 47. Rh1 Kh4 48. Rh2 g3 49. fxg3+ Kxg3 50. Rh1 h2 0-1

[Event "Rhein Main op 13th"]
[Site "Bad Homburg"]
[Date "2010.06.05"]
[Round "5"]
[White "Galkin, Wladislaw"]
[Black "Bokemaer, Artur"]
[Result "1-0"]
[WhiteElo "1910"]
[BlackElo "1430"]
[PlyCount "39"]
[EventDate "2010.06.02"]
[EventType "swiss"]
[EventRounds "7"]
[EventCountry "GER"]
[SourceTitle "EXT 2011"]
[Source "ChessBase"]
[SourceDate "2010.11.26"]
[SourceVersion "1"]
[SourceVersionDate "2010.11.26"]
[SourceQuality "1"]

1. d4 d5 2. c4 e6 3. Nc3 Nf6 4. Bg5 Nbd7 5. e3 c6 6. Nf3 Qa5 7. Nd2 Bb4 8. Qc2 Ne4 9. Ndxe4 dxe4 10. Bf4 e5 11. Bg3 0-0 12. Be2 f5 13. dxe5 Bxc3+ 14. Qxc3 Qxc3+ 15. bxc3 Re8 16. 0-0-0 Nxe5 17. Bxe5 Rxe5 18. Rd8+ Kf7 19. Rh8 Rc5 20. Rd1 1-0

[Event "Rhein Main op 13th"]
[Site "Bad Homburg"]
[Date "2010.06.03"]
[Round "3"]
[White "Matt, Fabian"]
[Black "Bokemaer, Artur"]
[Result "1-0"]
[WhiteElo "2053"]
[BlackElo "1430"]
[PlyCount "33"]
[EventDate "2010.06.02"]
[EventType "swiss"]
[EventRounds "7"]
[EventCountry "GER"]
[SourceTitle "EXT 2011"]
[Source "ChessBase"]
[SourceDate "2010.11.26"]
[SourceVersion "1"]
[SourceVersionDate "2010.11.26"]
[SourceQuality "1"]

1. e4 c5 2. Nf3 Nc6 3. d4 cxd4 4. Nxd4 g6 5. Nc3 d6 6. Be3 Nf6 7. f3 Bg7 8. Qd2 Bd7 9. 0-0-0 a6 10. g4 Ne5 11. g5 Nh5 12. f4 Nc6 13. Be2 Nxd4 14. Bxd4 Bxd4 15. Qxd4 e5 16. Qxd6 Ng7 17. Nd5 1-0